000
00365nam a2200169Ia 4500
008
100917s9999 xx 000 0 und d
082
_b
26798
100
_a
---
245
_a
कणव
260
_b
---
365
_b
7
520
_a
कादंबरी
630
_a
कणव
650
_a
कादंबरी
730
_a
कणव
942
_c
BOOK
999
_c
632192
_d
632189